<?xml version="1.0" encoding="UTF-8"?>
<record
    xmlns:xsi="http://www.w3.org/2001/XMLSchema-instance"
    xsi:schemaLocation="http://www.loc.gov/MARC21/slim http://www.loc.gov/standards/marcxml/schema/MARC21slim.xsd"
    xmlns="http://www.loc.gov/MARC21/slim">

  <leader>01174nam a22002657a 4500</leader>
  <controlfield tag="001">BRCA_9381</controlfield>
  <controlfield tag="003">FranzMayer</controlfield>
  <controlfield tag="005">20230918124056.0</controlfield>
  <controlfield tag="008">230901b        |||||||| |||| 00| 0 eng d</controlfield>
  <datafield tag="020" ind1=" " ind2=" ">
    <subfield code="a">16659600</subfield>
  </datafield>
  <datafield tag="040" ind1=" " ind2=" ">
    <subfield code="a">MFM</subfield>
    <subfield code="b">ESPA&#xD1;OL</subfield>
    <subfield code="c">MFM</subfield>
  </datafield>
  <datafield tag="050" ind1=" " ind2="0">
    <subfield code="a">AM121.M6</subfield>
    <subfield code="b">I53 2004</subfield>
  </datafield>
  <datafield tag="110" ind1="1" ind2=" ">
    <subfield code="4">Responsbale</subfield>
    <subfield code="a">Conacultura</subfield>
    <subfield code="b">INAH</subfield>
    <subfield code="9">29446</subfield>
  </datafield>
  <datafield tag="240" ind1=" " ind2=" ">
    <subfield code="a">Museos de M&#xE9;xico y del Mundo.</subfield>
    <subfield code="h">Volumen 01, n&#xFA;mero 02. Nuevos escenarios, nuevos imaginarios. New scenes, new imaginaries. </subfield>
    <subfield code="l">Espa&#xF1;ol e ingl&#xE9;s</subfield>
  </datafield>
  <datafield tag="245" ind1="0" ind2=" ">
    <subfield code="a">Museos de M&#xE9;xico y del Mundo.</subfield>
    <subfield code="b">Volumen 01, n&#xFA;mero 02. Nuevos escenarios, nuevos imaginarios. New scenes, new imaginaries. </subfield>
  </datafield>
  <datafield tag="260" ind1=" " ind2=" ">
    <subfield code="a">M&#xE9;xico</subfield>
    <subfield code="b">Conaculta</subfield>
    <subfield code="c">2004</subfield>
  </datafield>
  <datafield tag="300" ind1=" " ind2=" ">
    <subfield code="a">181 p</subfield>
    <subfield code="b">Ilustraciones a color</subfield>
    <subfield code="c">27 cm</subfield>
  </datafield>
  <datafield tag="500" ind1=" " ind2=" ">
    <subfield code="a">Anexo 1</subfield>
  </datafield>
  <datafield tag="500" ind1=" " ind2=" ">
    <subfield code="a">El libro contiene pedazos de papel adentro, as&#xED; como una obra doblada</subfield>
  </datafield>
  <datafield tag="505" ind1=" " ind2=" ">
    <subfield code="a">Texto en: ingl&#xE9;s y espa&#xF1;olIncluye &#xED;ndice tem&#xE1;ticoDirigido a: muse&#xF3;grafos o personas relacionadas al museo. </subfield>
  </datafield>
  <datafield tag="650" ind1="1" ind2=" ">
    <subfield code="2">Museos</subfield>
    <subfield code="a">Colecciones y galer&#xED;as </subfield>
    <subfield code="v">Museolog&#xED;a </subfield>
    <subfield code="9">29447</subfield>
  </datafield>
  <datafield tag="651" ind1="2" ind2=" ">
    <subfield code="2">Trabajos en museos</subfield>
    <subfield code="a">Organizaci&#xF3;n</subfield>
    <subfield code="v">Museos mexicanos</subfield>
    <subfield code="9">29448</subfield>
  </datafield>
  <datafield tag="856" ind1=" " ind2=" ">
    <subfield code="3">www.m.inah.gob.mx</subfield>
  </datafield>
  <datafield tag="942" ind1=" " ind2=" ">
    <subfield code="2">lcc</subfield>
    <subfield code="c">B</subfield>
  </datafield>
  <datafield tag="999" ind1=" " ind2=" ">
    <subfield code="c">11003</subfield>
    <subfield code="d">11003</subfield>
  </datafield>
  <datafield tag="952" ind1=" " ind2=" ">
    <subfield code="0">0</subfield>
    <subfield code="1">0</subfield>
    <subfield code="2">lcc</subfield>
    <subfield code="4">0</subfield>
    <subfield code="7">0</subfield>
    <subfield code="8">FCON</subfield>
    <subfield code="a">BRCA</subfield>
    <subfield code="b">BRCA</subfield>
    <subfield code="d">2023-09-01</subfield>
    <subfield code="l">0</subfield>
    <subfield code="o">AM121.M6 I53 2004</subfield>
    <subfield code="p">CONT10149</subfield>
    <subfield code="r">2023-09-01 00:00:00</subfield>
    <subfield code="w">2023-09-01</subfield>
    <subfield code="y">H</subfield>
  </datafield>
</record>
